00377nam a2200109Ia 4500008004100000082002000041100003000061245002300091260004800114630001800162650008700180211109s9999||||xx |||||||||||||| ||und|| a894.8123bBAL-M aBalakrishnan Nair [m N],  0aMummu Tr Turgenere bSAHITHYA PRVARTHAKA SANGHAMaKottayamc1958 xGeneral Stack aMalayalam literaturevmalayalam fictionmalayalam novelmalayalam storiesxGeneralia